[Event "SVK-ch U10 Girls"]
[Site "Liptovsky Mikulas"]
[Date "2019.04.28"]
[Round "7"]
[White "Valentova, Sophia"]
[Black "Sosovickova, Martina"]
[Result "0-1"]
[WhiteElo "1125"]
[BlackElo "1115"]
[PlyCount "70"]
[EventDate "2019.04.23"]
[EventType "swiss"]
[EventRounds "9"]
[EventCountry "SVK"]
[SourceTitle "CBM 190 Extra"]
[Source "ChessBase"]
[SourceDate "2019.07.15"]
[SourceVersion "1"]
[SourceVersionDate "2019.07.15"]
[SourceQuality "1"]

1. e4 c5 2. Nc3 e6 3. Nf3 Nc6 4. Bc4 Nge7 5. 0-0 Ng6 6. d4 cxd4 7. Nxd4 Bc5 8. Nxc6 bxc6 9. Be3 Be7 10. Bd4 0-0 11. Qg4 d6 12. Qe2 e5 13. Be3 Qc7 14. Ba6 Qa5 15. Bxc8 Rfxc8 16. Bd2 Qc7 17. Qg4 Rab8 18. b3 h6 19. h4 Bxh4 20. f4 exf4 21. Bxf4 Bf6 22. Bxh6 Bxc3 23. Rad1 gxh6 24. Rd3 Be5 25. Rdf3 Rf8 26. Rf6 Bxf6 27. Rxf6 Kh7 28. Qf5 Qe7 29. a3 Rb5 30. Qf3 Rg5 31. a4 Kg7 32. e5 Qxe5 33. Rxf7+ Rxf7 34. Qxc6 Qe1+ 35. Kh2 Rh5# 0-1

[Event "SVK-ch U10 Girls"]
[Site "Liptovsky Mikulas"]
[Date "2019.04.27"]
[Round "6"]
[White "Kaufmanova, Karin"]
[Black "Valentova, Sophia"]
[Result "0-1"]
[WhiteElo "1000"]
[BlackElo "1125"]
[PlyCount "166"]
[EventDate "2019.04.23"]
[EventType "swiss"]
[EventRounds "9"]
[EventCountry "SVK"]
[SourceTitle "CBM 190 Extra"]
[Source "ChessBase"]
[SourceDate "2019.07.15"]
[SourceVersion "1"]
[SourceVersionDate "2019.07.15"]
[SourceQuality "1"]

1. e4 e5 2. Nf3 Nc6 3. Nc3 Nf6 4. Bb5 a6 5. Ba4 d5 6. exd5 Nxd5 7. Nxd5 Qxd5 8. 0-0 e4 9. Re1 Bc5 10. d3 Bf5 11. Bb3 Qd6 12. Be3 0-0-0 13. Bxc5 Qxc5 14. Nh4 exd3 15. cxd3 Bxd3 16. Qg4+ Kb8 17. Rac1 Qd4 18. Qxd4 Rxd4 19. Nf3 Rd7 20. Ne5 Nxe5 21. Rxe5 Rhd8 22. h3 Bb5 23. Rce1 Rd2 24. Re7 Rxb2 25. Rxf7 Rg8 26. Rfe7 Rf8 27. f3 c5 28. Bd5 c4 29. a3 c3 30. Rc1 c2 31. Be4 Re8 32. Rxe8+ Bxe8 33. Rxc2 Rb1+ 34. Kh2 Bg6 35. Re2 Bxe4 36. fxe4 Kc7 37. e5 Kd7 38. e6+ Ke7 39. g4 Rd1 40. h4 Rd6 41. Kg3 Rxe6 42. Rxe6+ Kxe6 43. g5 Kf5 44. a4 a5 45. Kf3 Ke5 46. Kg4 Ke4 47. h5 Kd4 48. h6 g6 49. Kf3 Kc4 50. Ke3 b5 51. axb5 Kxb5 52. Kd3 a4 53. Kc2 a3 54. Kb1 a2+ 55. Kxa2 Kc4 56. Kb2 Kd3 57. Kb3 Ke4 58. Kc3 Kf4 59. Kd3 Kxg5 60. Ke3 Kxh6 61. Kf4 Kg7 62. Kg4 h6 63. Kh4 g5+ 64. Kh5 Kh7 65. Kg4 Kg6 66. Kh3 h5 67. Kg3 Kf5 68. Kh3 h4 69. Kg2 g4 70. Kh2 Kf4 71. Kg2 h3+ 72. Kh2 Kf3 73. Kg1 g3 74. Kh1 g2+ 75. Kg1 h2+ 76. Kxh2 Kf2 77. Kh3 g1Q 78. Kh4 Kf3 79. Kh5 Kf4 80. Kh6 Kf5 81. Kh7 Kf6 82. Kh8 Kf7 83. Kh7 Qg7# 0-1

[Event "SVK-ch U10 Girls"]
[Site "Liptovsky Mikulas"]
[Date "2019.04.24"]
[Round "2"]
[White "Krajnakova, Martina"]
[Black "Valentova, Sophia"]
[Result "0-1"]
[WhiteElo "1000"]
[BlackElo "1125"]
[PlyCount "48"]
[EventDate "2019.04.23"]
[EventType "swiss"]
[EventRounds "9"]
[EventCountry "SVK"]
[SourceTitle "CBM 190 Extra"]
[Source "ChessBase"]
[SourceDate "2019.07.15"]
[SourceVersion "1"]
[SourceVersionDate "2019.07.15"]
[SourceQuality "1"]

1. e4 e5 2. Nf3 Nf6 3. Bc4 Nxe4 4. 0-0 d5 5. Bb3 Bg4 6. d3 Nf6 7. d4 exd4 8. Re1+ Be7 9. h3 Bxf3 10. Qxf3 0-0 11. Qg3 Nh5 12. Qg4 Nf6 13. Qxd4 Re8 14. Re5 Nc6 15. Bxd5 Nxd4 16. Bxb7 Rb8 17. Ba6 Nxc2 18. Bc4 Nxa1 19. Be3 Qd1+ 20. Kh2 Qd6 21. Bf4 Qd4 22. Re3 Qxf4+ 23. Rg3 Qxc4 24. Rc3 Bd6+ 0-1

[Event "SVK-ch U08 Girls"]
[Site "Liptovsky Mikulas"]
[Date "2018.04.24"]
[Round "4"]
[White "Valentova, Sophia"]
[Black "Cukerova, Livia"]
[Result "0-1"]
[WhiteElo "1000"]
[BlackElo "1000"]
[PlyCount "92"]
[EventDate "2018.04.21"]
[EventType "swiss"]
[EventRounds "7"]
[EventCountry "SVK"]
[SourceTitle "CBM 184 Extra"]
[Source "ChessBase"]
[SourceDate "2018.06.28"]
[SourceVersion "1"]
[SourceVersionDate "2018.06.28"]
[SourceQuality "1"]

1. e4 c5 2. Nf3 d6 3. Bc4 Nf6 4. Nc3 g6 5. 0-0 Bg7 6. d4 cxd4 7. Nxd4 Nc6 8. Bf4 Nxd4 9. Qxd4 0-0 10. e5 dxe5 11. Bxe5 Qxd4 12. Bxd4 Bf5 13. Bb3 Rfd8 14. Rfd1 Rd7 15. Ba4 Rd6 16. Be5 Re6 17. f4 Ne4 18. Rd4 Bxe5 19. fxe5 Nxc3 20. bxc3 Rxe5 21. Rad1 Kg7 22. Rd5 Rxd5 23. Rxd5 Rc8 24. Bd7 Bxd7 25. Rxd7 Rxc3 26. Rxe7 Rxc2 27. a4 Ra2 28. g4 Rxa4 29. g5 Rg4+ 30. Kf2 Rxg5 31. h4 Rc5 32. Rxb7 a5 33. Ke3 a4 34. Kd4 Ra5 35. Kc4 a3 36. Rb5 Rxb5 37. Kxb5 a2 38. Kc4 a1Q 39. Kb3 Qd4 40. Kc2 Qe3 41. Kd1 Qf2 42. Kc1 Kf6 43. Kd1 Ke5 44. Kc1 Kd4 45. Kb1 Kc3 46. Kc1 Qc2# 0-1

[Event "SVK-ch U08 Girls"]
[Site "Liptovsky Mikulas"]
[Date "2018.04.22"]
[Round "2"]
[White "Valentova, Sophia"]
[Black "Haasova, Timea"]
[Result "0-1"]
[WhiteElo "1000"]
[BlackElo "1203"]
[PlyCount "44"]
[EventDate "2018.04.21"]
[EventType "swiss"]
[EventRounds "7"]
[EventCountry "SVK"]
[SourceTitle "CBM 184 Extra"]
[Source "ChessBase"]
[SourceDate "2018.06.28"]
[SourceVersion "1"]
[SourceVersionDate "2018.06.28"]
[SourceQuality "1"]

1. e4 e5 2. Nf3 Nc6 3. d4 exd4 4. Nxd4 Qf6 5. Be3 Bc5 6. c3 Nxd4 7. Bxd4 Bxd4 8. Qxd4 Qxd4 9. cxd4 d6 10. Nc3 Nf6 11. Bc4 0-0 12. e5 Re8 13. f4 Ng4 14. e6 Bxe6 15. h3 Bxc4+ 16. Kd1 Nf2+ 17. Kd2 Nxh1 18. Rxh1 Re7 19. Na4 Bxa2 20. g4 Rae8 21. Rc1 Re2+ 22. Kd3 R8e3# 0-1